[Event "ODJM B 2025"]
[Site "Willingen GER"]
[Date "2025.06.11"]
[Round "6"]
[White "Jacoby, Angelina"]
[Black "Gutsche, Jan-Frederic"]
[Result "0-1"]
[Termination "normal"]
[Board "42"]
[WhiteElo "1707"]
[BlackElo "1742"]
[WhiteClock "00:26:56"]
[BlackClock "00:14:54"]
[PlyCount "90"]
[WhiteFideId "12999008"]
[BlackFideId "34683631"]
[EventCountry "GER"]
[EventRounds "9"]
[EventType "swiss"]
[EventDate "2025.06.07"]

1. d4 {[%clk 01:30:54]} {[%emt 00:00:06]} Nf6 {[%clk 01:30:57]} {[%emt
00:00:03]} 2. Bf4 {[%clk 01:31:16]} {[%emt 00:00:08]} d5 {[%clk 01:28:12]}
{[%emt 00:03:15]} 3. e3 {[%clk 01:31:08]} {[%emt 00:00:38]} e6 {[%clk
01:27:37]} {[%emt 00:01:05]} 4. Nf3 {[%clk 01:27:54]} {[%emt 00:03:44]} c5
{[%clk 01:27:02]} {[%emt 00:01:05]} 5. c3 {[%clk 01:22:44]} {[%emt 00:05:40]}
Bd6 {[%clk 01:26:01]} {[%emt 00:01:30]} 6. Bxd6 {[%clk 01:20:08]} {[%emt
00:03:06]} Qxd6 {[%clk 01:26:21]} {[%emt 00:00:11]} 7. Nbd2 {[%clk 01:18:44]}
{[%emt 00:01:54]} Nc6 {[%clk 01:23:20]} {[%emt 00:03:30]} 8. Bd3 {[%clk
01:13:59]} {[%emt 00:05:15]} h6 {[%clk 01:18:03]} {[%emt 00:05:46]} 9. O-O
{[%clk 01:12:57]} {[%emt 00:01:32]} O-O {[%clk 01:16:33]} {[%emt 00:02:00]} 10.
Re1 {[%clk 01:07:13]} {[%emt 00:06:15]} Bd7 {[%clk 01:05:54]} {[%emt 00:11:09]}
11. e4 {[%clk 00:42:38]} {[%emt 00:25:05]} dxe4 {[%clk 00:56:46]} {[%emt
00:09:37]} 12. Nxe4 {[%clk 00:40:51]} {[%emt 00:02:18]} Nxe4 {[%clk 00:55:42]}
{[%emt 00:01:34]} 13. Bxe4 {[%clk 00:40:42]} {[%emt 00:00:39]} cxd4 {[%clk
00:47:25]} {[%emt 00:08:47]} 14. Bxc6 {[%clk 00:34:44]} {[%emt 00:06:28]} Bxc6
{[%clk 00:45:54]} {[%emt 00:02:01]} 15. Nxd4 {[%clk 00:35:02]} {[%emt
00:00:11]} Rfd8 {[%clk 00:41:27]} {[%emt 00:04:56]} 16. Qc2 {[%clk 00:23:19]}
{[%emt 00:12:13]} Rd7 {[%clk 00:29:52]} {[%emt 00:12:05]} 17. Nxc6 {[%clk
00:22:32]} {[%emt 00:01:17]} Qxc6 {[%clk 00:30:19]} {[%emt 00:00:03]} 18. Rad1
{[%clk 00:22:02]} {[%emt 00:01:00]} Rad8 {[%clk 00:30:13]} {[%emt 00:00:36]}
19. Rxd7 {[%clk 00:20:40]} {[%emt 00:01:53]} Qxd7 {[%clk 00:30:30]} {[%emt
00:00:13]} 20. Kf1 {[%clk 00:12:00]} {[%emt 00:09:09]} Qd6 {[%clk 00:27:26]}
{[%emt 00:03:35]} 21. Kg1 {[%clk 00:03:28]} {[%emt 00:09:01]} Qd2 {[%clk
00:20:03]} {[%emt 00:07:52]} 22. Qc1 {[%clk 00:03:18]} {[%emt 00:00:42]} Qxc1
{[%clk 00:16:38]} {[%emt 00:03:55]} 23. Rxc1 {[%clk 00:03:43]} {[%emt
00:00:05]} Rd2 {[%clk 00:16:59]} {[%emt 00:00:08]} 24. Rb1 {[%clk 00:03:40]}
{[%emt 00:00:33]} Rc2 {[%clk 00:16:30]} {[%emt 00:01:00]} 25. Kf1 {[%clk
00:01:37]} {[%emt 00:02:33]} Kf8 {[%clk 00:16:30]} {[%emt 00:00:29]} 26. Ke1
{[%clk 00:00:50]} {[%emt 00:01:18]} Ke7 {[%clk 00:16:41]} {[%emt 00:00:19]} 27.
Kf1 {[%clk 00:00:48]} {[%emt 00:00:32]} f5 {[%clk 00:14:57]} {[%emt 00:02:14]}
28. Ke1 {[%clk 00:01:02]} {[%emt 00:00:17]} g5 {[%clk 00:13:50]} {[%emt
00:01:37]} 29. Kf1 {[%clk 00:01:04]} {[%emt 00:00:28]} h5 {[%clk 00:13:10]}
{[%emt 00:01:10]} 30. Ke1 {[%clk 00:01:14]} {[%emt 00:00:21]} h4 {[%clk
00:09:43]} {[%emt 00:03:57]} 31. Kf1 {[%clk 00:00:53]} {[%emt 00:00:51]} Kf6
{[%clk 00:06:15]} {[%emt 00:03:58]} 32. h3 {[%clk 00:00:52]} {[%emt 00:00:31]}
g4 {[%clk 00:04:50]} {[%emt 00:01:54]} 33. hxg4 {[%clk 00:00:45]} {[%emt
00:00:37]} fxg4 {[%clk 00:05:19]} {[%emt 00:00:01]} 34. Kg1 {[%clk 00:00:51]}
{[%emt 00:00:24]} Kf5 {[%clk 00:05:11]} {[%emt 00:00:38]} 35. b4 {[%clk
00:00:34]} {[%emt 00:00:48]} Rxc3 {[%clk 00:03:33]} {[%emt 00:02:08]} 36. Rd1
{[%clk 00:00:43]} {[%emt 00:00:19]} Rc7 {[%clk 00:00:32]} {[%emt 00:03:32]} 37.
Rd3 {[%clk 00:00:44]} {[%emt 00:00:29]} e5 {[%clk 00:00:32]} {[%emt 00:00:30]}
38. Kf1 {[%clk 00:00:52]} {[%emt 00:00:22]} Rc1+ {[%clk 00:00:35]} {[%emt
00:00:27]} 39. Ke2 {[%clk 00:01:16]} {[%emt 00:00:07]} Rc2+ {[%clk 00:00:58]}
{[%emt 00:00:07]} 40. Ke1 {[%clk 00:00:56]} {[%emt 00:00:49]} Rxa2 {[%clk
00:00:37]} {[%emt 00:00:51]} 41. Rd7 {[%clk 00:00:48]} {[%emt 00:00:39]} h3
{[%clk 00:23:36]} {[%emt 00:07:31]} 42. gxh3 {[%clk 00:27:42]} {[%emt
00:03:36]} gxh3 {[%clk 00:23:49]} {[%emt 00:00:16]} 43. Rh7 {[%clk 00:28:05]}
{[%emt 00:00:07]} Rb2 {[%clk 00:14:07]} {[%emt 00:10:11]} 44. Rxh3 {[%clk
00:26:34]} {[%emt 00:02:02]} Rxb4 {[%clk 00:14:30]} {[%emt 00:00:08]} 45. Rh5+
{[%clk 00:26:56]} {[%emt 00:00:07]} Ke6 {[%clk 00:14:54]} {[%emt 00:00:05]} 0-1

[Event "ODJM B 2025"]
[Site "Willingen GER"]
[Date "2025.06.11"]
[Round "6"]
[White "Wang, Enya Marie"]
[Black "Jagodkin, Anton"]
[Result "0-1"]
[Termination "normal"]
[Board "43"]
[WhiteElo "1649"]
[BlackElo "1515"]
[WhiteClock "00:22:13"]
[BlackClock "01:33:29"]
[PlyCount "88"]
[WhiteFideId "34660330"]
[BlackFideId "34607307"]
[EventCountry "GER"]
[EventRounds "9"]
[EventType "swiss"]
[EventDate "2025.06.07"]

1. e4 {[%clk 01:30:59]} c6 {[%clk 01:30:57]} {[%emt 00:00:04]} 2. d4 {[%clk
01:31:23]} {[%emt 00:00:06]} d5 {[%clk 01:31:25]} {[%emt 00:00:02]} 3. exd5
{[%clk 01:31:46]} {[%emt 00:00:07]} cxd5 {[%clk 01:31:50]} {[%emt 00:00:04]} 4.
Bd3 {[%clk 01:32:10]} {[%emt 00:00:06]} Nf6 {[%clk 01:32:05]} {[%emt 00:00:15]}
5. h3 {[%clk 01:32:30]} {[%emt 00:00:10]} Nc6 {[%clk 01:32:30]} {[%emt
00:00:05]} 6. c3 {[%clk 01:32:53]} {[%emt 00:00:07]} e6 {[%clk 01:29:58]}
{[%emt 00:03:02]} 7. Nf3 {[%clk 01:33:00]} {[%emt 00:00:23]} Bd6 {[%clk
01:30:01]} {[%emt 00:00:27]} 8. O-O {[%clk 01:33:17]} {[%emt 00:00:13]} h6
{[%clk 01:30:22]} {[%emt 00:00:10]} 9. Re1 {[%clk 01:33:13]} {[%emt 00:00:34]}
O-O {[%clk 01:30:37]} {[%emt 00:00:15]} 10. Nbd2 {[%clk 01:33:24]} {[%emt
00:00:18]} Bd7 {[%clk 01:29:46]} {[%emt 00:01:21]} 11. Ne5 {[%clk 01:33:37]}
{[%emt 00:00:17]} Qc7 {[%clk 01:28:48]} {[%emt 00:01:29]} 12. Ndf3 {[%clk
01:33:51]} {[%emt 00:00:16]} Bxe5 {[%emt 00:01:40]} 13. dxe5 {[%clk 01:30:59]}
{[%emt 00:03:18]} Nh7 {[%clk 01:26:40]} {[%emt 00:01:31]} 14. Bc2 {[%clk
01:26:27]} {[%emt 00:05:02]} Rfd8 {[%clk 01:25:36]} {[%emt 00:01:34]} 15. Qd3
{[%clk 01:22:02]} {[%emt 00:04:55]} Nf8 {[%clk 01:25:51]} {[%emt 00:00:14]} 16.
g4 {[%clk 01:16:59]} {[%emt 00:05:32]} Rac8 {[%clk 01:25:35]} {[%emt 00:00:47]}
17. a3 {[%clk 01:11:29]} {[%emt 00:06:01]} a6 {[%clk 01:25:10]} {[%emt
00:00:55]} 18. g5 {[%clk 01:10:13]} {[%emt 00:01:46]} h5 {[%clk 01:24:34]}
{[%emt 00:01:06]} 19. g6 {[%clk 01:02:08]} {[%emt 00:08:35]} Nxg6 {[%clk
01:22:14]} {[%emt 00:02:51]} 20. Bg5 {[%clk 00:58:23]} {[%emt 00:04:11]} Re8
{[%clk 01:21:26]} {[%emt 00:01:22]} 21. Nh4 {[%clk 00:56:24]} {[%emt 00:02:21]}
Nce7 {[%clk 01:18:56]} {[%emt 00:03:08]} 22. Bxe7 {[%clk 00:47:20]} {[%emt
00:09:34]} Bb5 {[%clk 01:16:52]} {[%emt 00:02:35]} 23. Qg3 {[%clk 00:45:13]}
{[%emt 00:02:36]} Nxe7 {[%clk 01:15:54]} {[%emt 00:01:28]} 24. Kh1 {[%clk
00:43:30]} {[%emt 00:02:12]} d4 {[%clk 01:10:02]} {[%emt 00:06:23]} 25. Rg1
{[%clk 00:42:30]} {[%emt 00:01:29]} Ng6 {[%clk 01:09:45]} {[%emt 00:00:49]} 26.
Nxg6 {[%clk 00:36:55]} {[%emt 00:06:05]} fxg6 {[%clk 01:10:08]} {[%emt
00:00:06]} 27. Bxg6 {[%clk 00:35:22]} {[%emt 00:02:04]} Rf8 {[%clk 01:08:13]}
{[%emt 00:02:24]} 28. cxd4 {[%clk 00:33:28]} {[%emt 00:02:24]} Bc6+ {[%clk
01:08:22]} {[%emt 00:00:21]} 29. Kh2 {[%clk 00:33:22]} {[%emt 00:00:36]} Rf3
{[%clk 01:08:39]} {[%emt 00:00:13]} 30. Qh4 {[%clk 00:31:51]} {[%emt 00:01:59]}
Rcf8 {[%clk 01:08:42]} {[%emt 00:00:28]} 31. Rg2 {[%clk 00:27:46]} {[%emt
00:04:35]} R8f4 {[%clk 01:06:47]} {[%emt 00:02:25]} 32. Qxh5 {[%clk 00:26:36]}
{[%emt 00:01:41]} Rxf2 {[%clk 01:06:39]} {[%emt 00:00:38]} 33. Rxf2 {[%clk
00:24:18]} {[%emt 00:02:48]} Rxf2+ {[%clk 01:06:41]} {[%emt 00:00:27]} 34. Kg1
{[%clk 00:22:31]} {[%emt 00:02:16]} Rg2+ {[%clk 01:06:20]} {[%emt 00:00:53]}
35. Kf1 {[%clk 00:22:53]} {[%emt 00:00:07]} Qb6 {[%clk 01:04:47]} {[%emt
00:02:05]} 36. Qh7+ {[%clk 00:22:28]} {[%emt 00:00:48]} Kf8 {[%clk 01:05:13]}
{[%emt 00:00:10]} 37. Qh8+ {[%clk 00:22:28]} {[%emt 00:00:30]} Ke7 {[%clk
01:05:32]} {[%emt 00:00:11]} 38. Qxg7+ {[%clk 00:22:30]} {[%emt 00:00:28]} Kd8
{[%clk 01:05:48]} {[%emt 00:00:14]} 39. Qf6+ {[%clk 00:19:40]} {[%emt
00:03:19]} Kc7 {[%clk 01:05:20]} {[%emt 00:00:58]} 40. Qe7+ {[%clk 00:07:37]}
{[%emt 00:12:33]} Kb8 {[%clk 01:05:27]} {[%emt 00:00:23]} 41. Qd6+ {[%clk
00:03:48]} {[%emt 00:04:20]} Ka7 {[%clk 01:04:57]} {[%emt 00:00:59]} 42. Bd3
{[%clk 00:30:05]} {[%emt 00:04:13]} Qxb2 {[%clk 01:33:58]} {[%emt 00:01:29]}
43. Qc5+ {[%clk 00:24:14]} {[%emt 00:06:21]} b6 {[%clk 01:33:06]} {[%emt
00:01:23]} 44. Qc1 {[%clk 00:22:13]} {[%emt 00:02:30]} Qf2# {[%clk 01:33:29]}
{[%emt 00:00:06]} 0-1

[Event "ODJM B 2025"]
[Site "Willingen GER"]
[Date "2025.06.11"]
[Round "6"]
[White "Völpel, Alexander"]
[Black "Rose, Elias Bernd"]
[Result "1-0"]
[Termination "normal"]
[Board "44"]
[WhiteElo "1709"]
[BlackElo "1609"]
[WhiteClock "01:04:41"]
[BlackClock "00:21:15"]
[PlyCount "105"]
[WhiteFideId "34603131"]
[BlackFideId "34665730"]
[EventCountry "GER"]
[EventRounds "9"]
[EventType "swiss"]
[EventDate "2025.06.07"]

1. Nf3 {[%clk 01:30:56]} {[%emt 00:00:04]} c5 {[%clk 01:26:13]} {[%emt
00:04:47]} 2. b3 {[%clk 01:31:02]} {[%emt 00:00:23]} d5 {[%clk 01:25:30]}
{[%emt 00:01:13]} 3. d4 {[%clk 01:30:05]} {[%emt 00:01:27]} cxd4 {[%clk
01:20:48]} {[%emt 00:05:13]} 4. Qxd4 {[%clk 01:30:15]} {[%emt 00:00:20]} Nc6
{[%clk 01:21:07]} {[%emt 00:00:10]} 5. Qa4 {[%clk 01:26:02]} {[%emt 00:04:42]}
Bf5 {[%clk 01:19:40]} {[%emt 00:01:58]} 6. Nd4 {[%clk 01:24:13]} {[%emt
00:02:17]} Qd7 {[%clk 01:12:00]} {[%emt 00:08:12]} 7. e3 {[%clk 01:18:24]}
{[%emt 00:06:19]} Nxd4 {[%clk 01:04:41]} {[%emt 00:07:50]} 8. Qxd4 {[%clk
01:17:13]} {[%emt 00:01:40]} Nf6 {[%clk 01:02:24]} {[%emt 00:02:46]} 9. Nc3
{[%clk 01:16:47]} {[%emt 00:00:57]} a6 {[%clk 01:02:31]} {[%emt 00:00:23]} 10.
Bd3 {[%clk 01:16:36]} {[%emt 00:00:40]} Rc8 {[%clk 00:58:35]} {[%emt 00:04:27]}
11. Na4 {[%clk 01:02:17]} {[%emt 00:14:49]} Rc6 {[%clk 00:49:23]} {[%emt
00:09:41]} 12. O-O {[%clk 00:53:51]} {[%emt 00:08:55]} Bxd3 {[%clk 00:47:45]}
{[%emt 00:02:08]} 13. cxd3 {[%clk 00:53:58]} {[%emt 00:00:22]} e6 {[%clk
00:47:40]} {[%emt 00:00:36]} 14. Bb2 {[%clk 00:50:34]} {[%emt 00:03:53]} Bd6
{[%clk 00:44:27]} {[%emt 00:03:44]} 15. Rac1 {[%clk 00:47:49]} {[%emt
00:03:13]} O-O {[%clk 00:30:12]} {[%emt 00:14:47]} 16. Rxc6 {[%clk 00:47:03]}
{[%emt 00:01:16]} bxc6 {[%clk 00:27:39]} {[%emt 00:03:03]} 17. Qb6 {[%clk
00:46:11]} {[%emt 00:01:18]} Rb8 {[%clk 00:11:02]} {[%emt 00:17:10]} 18. Qxa6
{[%clk 00:44:19]} {[%emt 00:02:22]} Qc7 {[%clk 00:09:29]} {[%emt 00:02:04]} 19.
d4 {[%clk 00:40:45]} {[%emt 00:04:03]} Bxh2+ {[%clk 00:09:23]} {[%emt
00:00:36]} 20. Kh1 {[%clk 00:41:02]} {[%emt 00:00:12]} Bd6 {[%clk 00:09:45]}
{[%emt 00:00:08]} 21. Rc1 {[%clk 00:40:55]} {[%emt 00:00:36]} Rc8 {[%clk
00:08:41]} {[%emt 00:01:36]} 22. Qb6 {[%clk 00:40:34]} {[%emt 00:00:51]} Ne4
{[%clk 00:08:08]} {[%emt 00:01:04]} 23. Qxc7 {[%clk 00:40:29]} {[%emt
00:00:35]} Rxc7 {[%clk 00:08:31]} {[%emt 00:00:06]} 24. Kg1 {[%clk 00:40:29]}
{[%emt 00:00:29]} g6 {[%clk 00:07:46]} {[%emt 00:01:16]} 25. Nc3 {[%clk
00:40:08]} {[%emt 00:00:51]} Nxc3 {[%clk 00:07:31]} {[%emt 00:00:45]} 26. Bxc3
{[%clk 00:40:18]} {[%emt 00:00:20]} Ra7 {[%clk 00:06:48]} {[%emt 00:01:13]} 27.
a4 {[%clk 00:39:35]} {[%emt 00:01:13]} Rb7 {[%clk 00:07:10]} {[%emt 00:00:08]}
28. Rb1 {[%clk 00:39:56]} {[%emt 00:00:08]} Kf8 {[%clk 00:07:28]} {[%emt
00:00:12]} 29. Kf1 {[%clk 00:39:39]} {[%emt 00:00:47]} Ke8 {[%clk 00:07:50]}
{[%emt 00:00:08]} 30. Ke2 {[%clk 00:39:59]} {[%emt 00:00:09]} Kd7 {[%clk
00:07:29]} {[%emt 00:00:51]} 31. Kd3 {[%clk 00:40:02]} {[%emt 00:00:27]} h5
{[%clk 00:07:39]} {[%emt 00:00:20]} 32. a5 {[%clk 00:39:41]} {[%emt 00:00:51]}
Rb8 {[%clk 00:05:52]} {[%emt 00:02:17]} 33. b4 {[%clk 00:35:52]} {[%emt
00:04:20]} h4 {[%clk 00:05:20]} {[%emt 00:01:01]} 34. Kc2 {[%clk 00:35:08]}
{[%emt 00:01:14]} Kc7 {[%clk 00:05:03]} {[%emt 00:00:47]} 35. Kb3 {[%clk
00:35:11]} {[%emt 00:00:26]} c5 {[%clk 00:04:51]} {[%emt 00:00:44]} 36. dxc5
{[%clk 00:35:24]} {[%emt 00:00:16]} Bxc5 {[%clk 00:05:15]} {[%emt 00:00:06]}
37. Ka4 {[%clk 00:35:43]} {[%emt 00:00:10]} g5 {[%clk 00:04:42]} {[%emt
00:01:03]} 38. Be5+ {[%clk 00:35:36]} {[%emt 00:00:37]} Bd6 {[%clk 00:05:05]}
{[%emt 00:00:08]} 39. Bxd6+ {[%clk 00:36:02]} {[%emt 00:00:03]} Kxd6 {[%clk
00:05:28]} {[%emt 00:00:07]} 40. Rc1 {[%clk 00:36:18]} {[%emt 00:00:15]} e5
{[%clk 00:05:07]} {[%emt 00:00:51]} 41. a6 {[%clk 00:36:27]} {[%emt 00:00:21]}
d4 {[%clk 00:05:23]} {[%emt 00:00:14]} 42. exd4 {[%clk 00:36:47]} {[%emt
00:00:10]} exd4 {[%clk 00:05:48]} {[%emt 00:00:05]} 43. Rc5 {[%clk 00:36:11]}
{[%emt 00:01:06]} d3 {[%clk 00:05:33]} {[%emt 00:00:45]} 44. Rc3 {[%clk
00:36:16]} {[%emt 00:00:25]} d2 {[%clk 00:03:36]} {[%emt 00:02:27]} 45. Rd3+
{[%clk 00:36:35]} {[%emt 00:00:10]} Kc6 {[%clk 00:03:56]} {[%emt 00:00:09]} 46.
Rxd2 {[%clk 00:36:54]} {[%emt 00:00:11]} Kb6 {[%clk 00:04:13]} {[%emt
00:00:14]} 47. Rd6+ {[%clk 00:34:58]} {[%emt 00:02:25]} Ka7 {[%clk 00:03:48]}
{[%emt 00:00:57]} 48. b5 {[%clk 00:34:51]} {[%emt 00:00:36]} Rc8 {[%clk
00:03:13]} {[%emt 00:01:05]} 49. Ka5 {[%clk 00:34:50]} {[%emt 00:00:30]} Rc1
{[%clk 00:20:00]} {[%emt 00:13:43]} 50. b6+ {[%clk 01:03:48]} {[%emt 00:01:32]}
Kb8 {[%clk 00:20:23]} {[%emt 00:00:07]} 51. Rd8+ {[%clk 01:04:06]} {[%emt
00:00:11]} Rc8 {[%clk 00:20:49]} {[%emt 00:00:05]} 52. a7+ {[%clk 01:04:22]}
{[%emt 00:00:14]} Kb7 {[%clk 00:21:15]} {[%emt 00:00:05]} 53. Rxc8 {[%clk
01:04:41]} {[%emt 00:00:11]} 1-0

[Event "ODJM B 2025"]
[Site "Willingen GER"]
[Date "2025.06.11"]
[Round "6"]
[White "Kandora, William"]
[Black "Klemm, Julian"]
[Result "0-1"]
[Termination "normal"]
[Board "45"]
[WhiteElo "1570"]
[BlackElo "1540"]
[WhiteClock "01:28:25"]
[BlackClock "01:10:04"]
[PlyCount "90"]
[WhiteFideId "34684247"]
[BlackFideId "533001901"]
[EventCountry "GER"]
[EventRounds "9"]
[EventType "swiss"]
[EventDate "2025.06.07"]

1. c4 {[%clk 01:30:57]} {[%emt 00:00:03]} e5 {[%clk 01:30:45]} {[%emt
00:00:14]} 2. g3 {[%clk 01:31:06]} {[%emt 00:00:21]} Nc6 {[%clk 01:30:59]}
{[%emt 00:00:16]} 3. Bg2 {[%clk 01:31:18]} {[%emt 00:00:18]} f5 {[%clk
01:31:17]} {[%emt 00:00:12]} 4. Nc3 {[%clk 01:30:59]} {[%emt 00:00:49]} Nf6
{[%clk 01:31:26]} {[%emt 00:00:21]} 5. d3 {[%clk 01:31:05]} {[%emt 00:00:24]}
Bb4 {[%clk 01:31:39]} {[%emt 00:00:17]} 6. Bd2 {[%clk 01:30:21]} {[%emt
00:01:14]} Bxc3 {[%clk 01:31:31]} {[%emt 00:00:38]} 7. Bxc3 {[%clk 01:30:35]}
{[%emt 00:00:16]} d6 {[%clk 01:31:45]} {[%emt 00:00:17]} 8. e3 {[%clk
01:28:58]} {[%emt 00:02:07]} O-O {[%clk 01:31:50]} {[%emt 00:00:25]} 9. Ne2
{[%clk 01:29:15]} {[%emt 00:00:13]} Qe8 {[%clk 01:31:43]} {[%emt 00:00:37]} 10.
O-O {[%clk 01:29:11]} {[%emt 00:00:33]} Qh5 {[%clk 01:31:42]} {[%emt 00:00:31]}
11. f4 {[%clk 01:26:54]} {[%emt 00:02:48]} Ng4 {[%clk 01:28:59]} {[%emt
00:03:13]} 12. h3 {[%clk 01:26:49]} {[%emt 00:00:35]} Nxe3 {[%clk 01:29:03]}
{[%emt 00:00:25]} 13. Qd2 {[%clk 01:27:13]} {[%emt 00:00:07]} Nxf1 {[%clk
01:29:10]} {[%emt 00:00:23]} 14. Rxf1 {[%clk 01:27:36]} {[%emt 00:00:07]} Bd7
{[%clk 01:28:23]} {[%emt 00:01:17]} 15. fxe5 {[%clk 01:24:38]} {[%emt
00:03:28]} dxe5 {[%clk 01:28:00]} {[%emt 00:00:53]} 16. Bb4 {[%clk 01:25:00]}
{[%emt 00:00:08]} Nxb4 {[%clk 01:27:24]} {[%emt 00:01:06]} 17. Qxb4 {[%clk
01:25:22]} {[%emt 00:00:08]} Qxe2 {[%clk 01:27:05]} {[%emt 00:00:48]} 18. g4
{[%clk 01:25:41]} {[%emt 00:00:11]} f4 {[%clk 01:22:12]} {[%emt 00:05:23]} 19.
Qxb7 {[%clk 01:25:44]} {[%emt 00:00:28]} Rad8 {[%clk 01:14:41]} {[%emt
00:08:01]} 20. Be4 {[%clk 01:25:21]} {[%emt 00:00:53]} Qe3+ {[%clk 01:12:30]}
{[%emt 00:02:40]} 21. Rf2 {[%clk 01:25:01]} {[%emt 00:00:50]} Qc5 {[%clk
01:10:37]} {[%emt 00:02:22]} 22. Kg2 {[%clk 01:24:03]} {[%emt 00:01:30]} Rb8
{[%clk 01:08:27]} {[%emt 00:02:40]} 23. Qa6 {[%clk 01:23:11]} {[%emt 00:01:22]}
Qb6 {[%clk 01:07:23]} {[%emt 00:01:34]} 24. Qa3 {[%clk 01:23:26]} {[%emt
00:00:15]} Bc6 {[%clk 01:07:12]} {[%emt 00:00:41]} 25. Qe7 {[%clk 01:22:46]}
{[%emt 00:01:11]} Bxe4+ {[%clk 01:06:32]} {[%emt 00:01:10]} 26. dxe4 {[%clk
01:23:07]} {[%emt 00:00:08]} Qd6 {[%clk 01:06:51]} {[%emt 00:00:12]} 27. Qh4
{[%clk 01:23:25]} {[%emt 00:00:11]} Qd4 {[%clk 01:05:07]} {[%emt 00:02:14]} 28.
g5 {[%clk 01:23:02]} {[%emt 00:00:54]} Rxb2 {[%clk 01:04:33]} 29. g6 {[%clk
01:22:50]} {[%emt 00:01:46]} Qxf2+ {[%clk 01:04:42]} {[%emt 00:00:21]} 30. Qxf2
{[%clk 01:23:10]} {[%emt 00:00:09]} Rxf2+ {[%clk 01:05:09]} {[%emt 00:00:04]}
31. Kxf2 {[%clk 01:23:29]} {[%emt 00:00:11]} hxg6 {[%clk 01:05:33]} {[%emt
00:00:06]} 32. Kf3 {[%clk 01:23:52]} {[%emt 00:00:07]} Rd8 {[%clk 01:05:44]}
{[%emt 00:00:19]} 33. h4 {[%clk 01:24:11]} {[%emt 00:00:11]} Rd3+ {[%clk
01:06:06]} {[%emt 00:00:08]} 34. Kf2 {[%clk 01:24:30]} {[%emt 00:00:11]} Rd2+
{[%clk 01:06:19]} {[%emt 00:00:18]} 35. Kf3 {[%clk 01:24:52]} {[%emt 00:00:08]}
Rxa2 {[%clk 01:06:43]} {[%emt 00:00:06]} 36. c5 {[%clk 01:25:17]} {[%emt
00:00:05]} Ra3+ {[%clk 01:07:07]} {[%emt 00:00:06]} 37. Kf2 {[%clk 01:25:34]}
{[%emt 00:00:13]} Re3 {[%clk 01:07:29]} {[%emt 00:00:08]} 38. c6 {[%clk
01:25:56]} {[%emt 00:00:09]} a5 {[%clk 01:07:48]} {[%emt 00:00:11]} 39. h5
{[%clk 01:26:18]} {[%emt 00:00:07]} a4 {[%clk 01:08:12]} {[%emt 00:00:07]} 40.
h6 {[%clk 01:26:29]} {[%emt 00:00:19]} a3 {[%clk 01:08:33]} {[%emt 00:00:08]}
41. h7+ {[%clk 01:26:53]} {[%emt 00:00:06]} Kxh7 {[%clk 01:08:54]} {[%emt
00:00:09]} 42. Kg2 {[%clk 01:27:17]} {[%emt 00:00:07]} a2 {[%clk 01:09:15]}
{[%emt 00:00:10]} 43. Kf2 {[%clk 01:27:42]} {[%emt 00:00:05]} a1=Q {[%clk
01:09:34]} {[%emt 00:00:10]} 44. Kg2 {[%clk 01:28:06]} {[%emt 00:00:04]} Qa2+
{[%clk 01:09:39]} {[%emt 00:00:27]} 45. Kf1 {[%clk 01:28:25]} {[%emt 00:00:10]}
Rb3 {[%clk 01:10:04]} {[%emt 00:00:06]} 0-1

[Event "ODJM B 2025"]
[Site "Willingen GER"]
[Date "2025.06.11"]
[Round "6"]
[White "Franke, Moritz"]
[Black "He, Saiqi"]
[Result "0-1"]
[Termination "normal"]
[Board "46"]
[WhiteElo "1627"]
[BlackElo "1700"]
[WhiteClock "01:12:39"]
[BlackClock "00:56:09"]
[PlyCount "48"]
[WhiteFideId "34629475"]
[BlackFideId "16292723"]
[EventCountry "GER"]
[EventRounds "9"]
[EventType "swiss"]
[EventDate "2025.06.07"]

1. e4 {[%clk 01:30:46]} {[%emt 00:00:14]} e5 {[%clk 01:30:38]} {[%emt
00:00:23]} 2. Nf3 {[%clk 01:31:12]} {[%emt 00:00:04]} Nc6 {[%clk 01:31:04]}
{[%emt 00:00:04]} 3. Bc4 {[%clk 01:31:27]} {[%emt 00:00:14]} Bc5 {[%clk
01:31:30]} {[%emt 00:00:05]} 4. c3 {[%clk 01:31:28]} {[%emt 00:00:30]} Nf6
{[%clk 01:31:52]} {[%emt 00:00:07]} 5. d4 {[%clk 01:31:27]} {[%emt 00:00:30]}
exd4 {[%clk 01:32:17]} {[%emt 00:00:06]} 6. O-O {[%clk 01:30:46]} {[%emt
00:01:11]} Nxe4 {[%clk 01:32:31]} {[%emt 00:00:16]} 7. cxd4 {[%clk 01:31:02]}
{[%emt 00:00:14]} d5 {[%clk 01:32:51]} {[%emt 00:00:11]} 8. dxc5 {[%clk
01:31:19]} {[%emt 00:00:12]} dxc4 {[%clk 01:33:17]} {[%emt 00:00:05]} 9. Qe2
{[%clk 01:31:36]} {[%emt 00:00:11]} Qe7 {[%clk 01:33:30]} {[%emt 00:00:17]} 10.
Qxc4 {[%clk 01:31:24]} {[%emt 00:00:42]} Nxc5 {[%clk 01:33:12]} {[%emt
00:00:49]} 11. Re1 {[%clk 01:31:47]} {[%emt 00:00:07]} Be6 {[%clk 01:33:26]}
{[%emt 00:00:16]} 12. Qc3 {[%clk 01:20:43]} {[%emt 00:11:35]} O-O-O {[%clk
01:25:02]} {[%emt 00:08:53]} 13. Be3 {[%clk 01:20:15]} {[%emt 00:00:57]} Nd3
{[%clk 01:20:54]} {[%emt 00:04:37]} 14. Re2 {[%clk 01:18:38]} {[%emt 00:02:09]}
Qb4 {[%clk 01:08:43]} {[%emt 00:12:40]} 15. h3 {[%clk 01:17:26]} {[%emt
00:01:43]} Nf4 {[%clk 01:01:21]} {[%emt 00:07:52]} 16. Bxf4 {[%clk 01:17:10]}
{[%emt 00:00:45]} Qxf4 {[%clk 01:01:06]} {[%emt 00:00:45]} 17. Nbd2 {[%clk
01:17:25]} {[%emt 00:00:15]} Nd4 {[%clk 00:57:43]} {[%emt 00:03:54]} 18. Nxd4
{[%clk 01:16:12]} {[%emt 00:01:43]} Qxd4 {[%clk 00:57:49]} {[%emt 00:00:22]}
19. Qxd4 {[%clk 01:16:27]} {[%emt 00:00:17]} Rxd4 {[%clk 00:58:15]} {[%emt
00:00:04]} 20. Nf3 {[%clk 01:16:50]} {[%emt 00:00:07]} Rd5 {[%clk 00:56:44]}
{[%emt 00:02:00]} 21. Rc1 {[%clk 01:16:51]} {[%emt 00:00:28]} Rhd8 {[%clk
00:56:47]} {[%emt 00:00:27]} 22. Rec2 {[%clk 01:15:35]} {[%emt 00:01:47]} Rd1+
{[%clk 00:56:46]} {[%emt 00:00:30]} 23. Ne1 {[%clk 01:12:14]} {[%emt 00:03:49]}
Rxc1 {[%clk 00:55:45]} {[%emt 00:01:34]} 24. Rxc1 {[%clk 01:12:39]} {[%emt
00:00:05]} Bxa2 {[%clk 00:56:09]} {[%emt 00:00:06]} 0-1